<?xml version='1.0' encoding='UTF-8'?>
  <record xmlns="http://www.loc.gov/MARC21/slim">
    <leader>00000cam a2200000 i 4500</leader>
    <controlfield tag="001">ocm03789888</controlfield>
    <controlfield tag="003">OCoLC</controlfield>
    <controlfield tag="005">20250709222044.9</controlfield>
    <controlfield tag="008">780410s1594    gw c          000 0 ger d</controlfield>
    <datafield tag="040" ind1=" " ind2=" ">
      <subfield code="a">BHA</subfield>
      <subfield code="b">eng</subfield>
      <subfield code="e">rda</subfield>
      <subfield code="e">dcrmr</subfield>
      <subfield code="c">BHA</subfield>
      <subfield code="d">OCL</subfield>
      <subfield code="d">OCLCQ</subfield>
      <subfield code="d">OCLCF</subfield>
      <subfield code="d">OCLCQ</subfield>
      <subfield code="d">OCLCO</subfield>
      <subfield code="d">OCLCQ</subfield>
      <subfield code="d">QGJ</subfield>
      <subfield code="d">OCL</subfield>
      <subfield code="d">OCLCO</subfield>
      <subfield code="d">OCLCL</subfield>
    </datafield>
    <datafield tag="035" ind1=" " ind2=" ">
      <subfield code="a">(OCoLC)3789888</subfield>
    </datafield>
    <datafield tag="041" ind1="1" ind2=" ">
      <subfield code="a">ger</subfield>
      <subfield code="h">lat</subfield>
    </datafield>
    <datafield tag="050" ind1=" " ind2="4">
      <subfield code="a">BX3705.A2</subfield>
      <subfield code="b">H3515 1594</subfield>
    </datafield>
    <datafield tag="082" ind1="0" ind2="4">
      <subfield code="a">271.5</subfield>
      <subfield code="1">https://id.oclc.org/worldcat/ddc/E3mvDvGYD9BF7JHybKBKRqjjHp</subfield>
    </datafield>
    <datafield tag="100" ind1="1" ind2=" ">
      <subfield code="a">Hasenmüller, Elias,</subfield>
      <subfield code="d">-1587,</subfield>
      <subfield code="e">author.</subfield>
      <subfield code="4">aut</subfield>
      <subfield code="1">https://id.oclc.org/worldcat/entity/E39PCjHjQMk9BWkfVkJVgRRqcP</subfield>
    </datafield>
    <datafield tag="240" ind1="1" ind2="0">
      <subfield code="a">Historia Iesuitici ordinis.</subfield>
      <subfield code="l">German</subfield>
    </datafield>
    <datafield tag="245" ind1="1" ind2="0">
      <subfield code="a">Historia Iesuitici ordinis, Das ist, Gründtliche vnd außführliche Beschreibung deß Jesuitischen Ordens, vnnd ihrer Societet, :</subfield>
      <subfield code="b">Darinnen von dem Stiffter dieser Gesellschafft, ihrem Namen, Graden, Digniteten vnnd ihrer vnterschieldichen Emptern, Auch wie sie gewachsen vnnd zugenommen, Deßgleichen von ihrem Leben, Gelübden, Priuilegien oder Freyheiten, Wunderthaten, Lehr, Abschiedt vnd Sterben, &amp;c. klärlich vnd deutlich gehandelt wirdt. /</subfield>
      <subfield code="c">Anfängklich in Lateinischer Sprach beschrieben, Durch M. Eliam Hasenmüllern, vnnd Claudio Aquauiuæ, ihrem obersten General Verwaltern zu Rom, die rechte Warheit zu erkündigen, zugeschickt. Jetzt aber allen frommen Christen Gemeines Vatterlandts Teudtscher Nation, sich für gemeldter Gesellschafft der Jesuiter fleissig zu hüten, zu gutem auß dem Latein ins Teudtsche gebracht, Durch Melchiorem Leoporinum, Predigern der Euangelischen Warheit Göttliches Worts zu Braunschweig.</subfield>
    </datafield>
    <datafield tag="246" ind1="3" ind2=" ">
      <subfield code="a">Historia Iesvitici Ordinis</subfield>
    </datafield>
    <datafield tag="246" ind1="3" ind2=" ">
      <subfield code="a">Historia Jesuitici Ordinis</subfield>
    </datafield>
    <datafield tag="246" ind1="3" ind2=" ">
      <subfield code="a">Historia Jesvitici Ordinis</subfield>
    </datafield>
    <datafield tag="246" ind1="3" ind2="0">
      <subfield code="a">Gründtliche vnd aussführliche Beschreibung dess Iesuitischen Ordens, vnnd jhrer Societet</subfield>
    </datafield>
    <datafield tag="246" ind1="3" ind2=" ">
      <subfield code="a">Gründtliche und aussführliche Beschreibung dess Jesuitischen Ordens, unnd ihrer Societet</subfield>
    </datafield>
    <datafield tag="264" ind1=" " ind2="1">
      <subfield code="a">Gedruckt zu Franckfurt am Mayn. :</subfield>
      <subfield code="b">[Johann Spieß],</subfield>
      <subfield code="c">1594.</subfield>
    </datafield>
    <datafield tag="300" ind1=" " ind2=" ">
      <subfield code="a">18 preliminary leaves, 660 pages :</subfield>
      <subfield code="b">portrait ;</subfield>
      <subfield code="c">21 cm (4to)</subfield>
    </datafield>
    <datafield tag="336" ind1=" " ind2=" ">
      <subfield code="a">text</subfield>
      <subfield code="b">txt</subfield>
      <subfield code="2">rdacontent</subfield>
    </datafield>
    <datafield tag="337" ind1=" " ind2=" ">
      <subfield code="a">unmediated</subfield>
      <subfield code="b">n</subfield>
      <subfield code="2">rdamedia</subfield>
    </datafield>
    <datafield tag="338" ind1=" " ind2=" ">
      <subfield code="a">volume</subfield>
      <subfield code="b">nc</subfield>
      <subfield code="2">rdacarrier</subfield>
    </datafield>
    <datafield tag="340" ind1=" " ind2=" ">
      <subfield code="m">4to</subfield>
      <subfield code="2">rdabf</subfield>
    </datafield>
    <datafield tag="500" ind1=" " ind2=" ">
      <subfield code="a">Edited by Polycarp Leyser (VD 16).</subfield>
    </datafield>
    <datafield tag="500" ind1=" " ind2=" ">
      <subfield code="a">Printer's name taken from VD 16.</subfield>
    </datafield>
    <datafield tag="500" ind1=" " ind2=" ">
      <subfield code="a">Title page in red and black; initials; tail-piece; printed marginalia.</subfield>
    </datafield>
    <datafield tag="500" ind1=" " ind2=" ">
      <subfield code="a">Woodcut portrait of Ignatius of Loyola on title page verso.</subfield>
    </datafield>
    <datafield tag="500" ind1=" " ind2=" ">
      <subfield code="a">Page 255 misnumbered 256; page 258 misnumbered 158; page 299 misnumbered 399; page 309 misnumbered 209; page 529 misnumbered 519; page 626 misnumbered 620.</subfield>
    </datafield>
    <datafield tag="500" ind1=" " ind2=" ">
      <subfield code="a">Signatures: a-d⁴ e² A-Z⁴ Aa-Zz⁴ Aaa-Zzz⁴ Aaaa-Nnnn⁴ Oooo².</subfield>
    </datafield>
    <datafield tag="510" ind1="4" ind2=" ">
      <subfield code="a">Verzeichnis der im deutschen Sprachbereich erschienenen Drucke des 16. Jahrhunderts (VD 16),</subfield>
      <subfield code="c">H 719</subfield>
    </datafield>
    <datafield tag="610" ind1="2" ind2="0">
      <subfield code="a">Jesuits</subfield>
      <subfield code="v">Controversial literature</subfield>
      <subfield code="v">Early works to 1800.</subfield>
    </datafield>
    <datafield tag="610" ind1="2" ind2="0">
      <subfield code="a">Jesuits</subfield>
      <subfield code="x">History</subfield>
      <subfield code="v">Early works to 1800.</subfield>
    </datafield>
    <datafield tag="610" ind1="2" ind2="7">
      <subfield code="a">Jesuits</subfield>
      <subfield code="2">fast</subfield>
    </datafield>
    <datafield tag="655" ind1=" " ind2="7">
      <subfield code="a">Early works</subfield>
      <subfield code="2">fast</subfield>
    </datafield>
    <datafield tag="655" ind1=" " ind2="7">
      <subfield code="a">Controversial literature</subfield>
      <subfield code="2">fast</subfield>
    </datafield>
    <datafield tag="655" ind1=" " ind2="7">
      <subfield code="a">History</subfield>
      <subfield code="2">fast</subfield>
    </datafield>
    <datafield tag="700" ind1="1" ind2=" ">
      <subfield code="a">Leyser, Polycarp,</subfield>
      <subfield code="d">1552-1610,</subfield>
      <subfield code="e">editor.</subfield>
      <subfield code="4">edt</subfield>
      <subfield code="1">https://id.oclc.org/worldcat/entity/E39PBJdGFWqTmCtymmXqkmpHG3</subfield>
    </datafield>
    <datafield tag="700" ind1="1" ind2=" ">
      <subfield code="a">Leporin, Melchior,</subfield>
      <subfield code="d">approximately 1550-</subfield>
      <subfield code="e">translator.</subfield>
      <subfield code="4">trl</subfield>
    </datafield>
    <datafield tag="700" ind1="1" ind2=" ">
      <subfield code="a">Acquaviva, Claudio,</subfield>
      <subfield code="d">1543-1615,</subfield>
      <subfield code="e">associated name.</subfield>
      <subfield code="4">asn</subfield>
      <subfield code="1">https://id.oclc.org/worldcat/entity/E39PBJmdrgHDRdfFP3RVkDt7pP</subfield>
    </datafield>
    <datafield tag="700" ind1="1" ind2=" ">
      <subfield code="a">Spies, Johann,</subfield>
      <subfield code="d">approximately 1540-1623,</subfield>
      <subfield code="e">printer.</subfield>
      <subfield code="4">prt</subfield>
      <subfield code="1">https://id.oclc.org/worldcat/entity/E39PBJw4CQMCw4ft9Bj4YtKPQq</subfield>
    </datafield>
    <datafield tag="752" ind1=" " ind2=" ">
      <subfield code="a">Germany</subfield>
      <subfield code="d">Frankfurt am Main,</subfield>
      <subfield code="e">publication place.</subfield>
      <subfield code="4">pup</subfield>
    </datafield>
    <datafield tag="758" ind1=" " ind2=" ">
      <subfield code="i">has work:</subfield>
      <subfield code="a">Historia Iesvitici Ordinis, || Das ist:|| Gründtliche|| vnd außführliche Beschreibung deß Jesuiti=||schen Ordens/ vnnd jhrer Societet: Darinnen von dem|| Stiffter dieser Gesellschafft: jrem Namen: Graden/ Digniteten|| vnd jhrer vnterschiedlichen Emptern: Auch wie sie gewachsen vnd|| zugenommen: Deßgleichen von jrem Leben: Gelübden: Priui=||legien oder Freyheiten: Wunderthaten: Lehr: Abschied|| vnd Sterben/ [et]c. klärlich vnnd deutlich|| gehandelt wirdt.|| (Text)</subfield>
      <subfield code="1">https://id.oclc.org/worldcat/entity/E39PCH8qF39RX3hj6WpyCkp49C</subfield>
      <subfield code="4">https://id.oclc.org/worldcat/ontology/hasWork</subfield>
    </datafield>
  </record>